Dictionnaire de la conversation et de la lecture (Record no. 48757)
[ view plain ]
| 000 -LEADER | |
|---|---|
| campo de control de longitud fija | 01923nam a2200265 i 4500 |
| 001 - NÚMERO DE CONTROL | |
| campo de control | 48757 |
| 003 - IDENTIFICADOR DE NÚMERO DE CONTROL | |
| campo de control | ES-MaACL |
| 005 - FECHA Y HORA DE LA ÚLTIMA TRANSACCIÓN | |
| campo de control | 20230906161820.0 |
| 007 - CAMPO FIJO DE DESCRIPCIÓN FÍSICA--INFORMACIÓN GENERAL | |
| campo de control de longitud fija | t| |
| 008 - DATOS DE LONGITUD FIJA--INFORMACIÓN GENERAL | |
| campo de control de longitud fija | 950728m18611872fr ||||1| fre d |
| 040 ## - FUENTE DE CATALOGACIÓN | |
| Centro catalogador/agencia de origen | CAM |
| Lengua de catalogación | spa |
| Centro/agencia transcriptor | CAM |
| 245 00 - MENCIÓN DEL TÍTULO | |
| Título | Dictionnaire de la conversation et de la lecture |
| Resto del título | : inventaire raisonné des notions générales les plus indispensables à tous ; [Supplément offrant le résumé des faits et des idées de notre temps. I-V.] / |
| Mención de responsabilidad, etc. | par une Société de Savants et de Gens de Lettres sous la direction de M. W. Duckett. |
| 250 ## - MENCION DE EDICION | |
| Mención de edición | 2e édition, entièrement refondue, corrigée et aumentée de plusieurs milliers d'articles tout d'actualité. |
| 260 ## - PUBLICACIÓN, DISTRIBUCIÓN, ETC. | |
| Lugar de publicación, distribución, etc. | Paris : |
| Nombre del editor, distribuidor, etc. | Firmin Didot Frères, |
| Fecha de publicación, distribución, etc. | 1861-1872. |
| 300 ## - DESCRIPCIÓN FÍSICA | |
| Extensión | 21 v. ; |
| Dimensiones | 27 cm. |
| 500 ## - NOTA GENERAL | |
| Nota general | Los cinco últimos v. son el Suplemento. |
| 505 8# - NOTA DE CONTENIDO CON FORMATO | |
| Nota de contenido con formato | Contiene: T.1 : A-Arias.- 1861 --T. 2 : Ariège-Bequille.- 1861 - - T. 3 : Bérang..-Brun.. .- 1862 --T. 4 : Bruns.-Cent-J.. - 1861 -- T. 5 : Centl.-Coiffe. - 1861 --T. 6 : Coiff.-Ctésip.. - 1862 --T. 7 : Cuba-Douze-T.. - 1861 -- T. 8 : Dovall.-Espag.. - 1861 -- T. 9 : Espag.-Frêch.. - 1861 -- T.. 10 : Frère-Helys.. - 1861 -- T. 11 : Hemans.-Kossu.. - 1862 -- T. 12 : Kotze.-Maxim.. - 1861 -- T. 13 : Maxime-Orient. - 1861 -- T. 14 : Orient-Post.. - 1861 -- T. 15 : Postes-Saxons. - 1861 -- T. 16 : Saxophone-Z .- 1861 -- Supl. 1 : A-Canon .- 1864 -- Supl. 2 : Canonica-Coutances.- 1868 -- Supl. 3 : Coute..-France .- 1872 -- Supl. 4 : Francfort-Ning-Po -- Supl. 5 : Ninive-Syr. |
| 593 ## - | |
| -- | En el suplemento 5º aparece como director: P. Lousy y faltan últimas páginas. |
| 596 ## - NOTA AL PIE DE IMPRENTA | |
| NOTA AL PIE DE IMPRENTA | Suplemento 4º y 5º sin año de publicación. |
| 597 ## - NOTA DE DESCRIPCIÓN FÍSICA | |
| NOTA DE DESCRIPCIÓN FÍSICA | En anteportada: Répertoire des connaissances usuelles. |
| 650 ## - PUNTO DE ACCESO ADICIONAL DE MATERIA--TÉRMINO DE MATERIA | |
| Término de materia o nombre geográfico como elemento de entrada | Enciclopedias. |
| 9 (RLIN) | 12235 |
| 700 1# - ENTRADA AGREGADA--NOMBRE PERSONAL | |
| Nombre de persona | Duckett, William ( |
| Fechas asociadas al nombre | 1805-1873) |
| 9 (RLIN) | 45836 |
| 700 1# - ENTRADA AGREGADA--NOMBRE PERSONAL | |
| Nombre de persona | Louisy, Paul. |
| 9 (RLIN) | 153048 |
| 852 ## - LOCALIZACIÓN | |
| Ubicación | ES-MaACL |
| Número de control de estantería | G-887-907 |
| Estatus retirado | Estado de pérdida | Estado de daño | No para préstamo | Colección | Biblioteca de origen | Biblioteca actual | Ubicación en estantería | Fecha de adquisición | Fuente de adquisición | Total de préstamos | Signatura topográfica completa | Código de barras | Visto por última vez | Precio de reemplazo | Tipo de ítem Koha |
|---|---|---|---|---|---|---|---|---|---|---|---|---|---|---|---|
| Colección de referencia | Biblioteca del Ateneo de Madrid | Biblioteca del Ateneo de Madrid | Sala Pecera Planta 3 | 17/01/2008 | G-887-907 | 1051310 | 23/02/2023 | 23/02/2023 | Libro impreso antiguo |
